Countries with the Smallest Natural Increase A-Z - Statistics

General Stats
  • This quiz has been taken 430 times
  • The average score is 14 of 24
Answer Stats
Natural Increase (‰) Country % Correct
Y 22.4 Yemen
82%
J - 2.1 Japan
79%
O 20.7 Oman
79%
Q 8.1 Qatar
79%
Z 24.0 Zimbabwe
78%
D 0.2 Denmark
68%
F 0.9 Finland
65%
G - 3.1 Germany
65%
H - 3.8 Hungary
61%
E - 2.5 Estonia
60%
I - 1.8 Italy
60%
U - 4.1 Ukraine
59%
L - 4.8 Latvia
57%
V 9.6 Vietnam
57%
R - 3.1 Romania
54%
A - 0.1 Austria
52%
K 10.0 Kazakhstan
51%
B - 5.8 Bulgaria
49%
P - 2.1 Portugal
48%
N 2.0 Netherlands
44%
C - 3.3 Croatia
42%
M - 3.2 Monaco
41%
S - 4.6 Serbia
41%
T 0.9 Taiwan
27%
No matching quizzes found
Score Distribution
Percent of People with Each Score
Percentile by Number Answered
Your Score History
You have not taken this quiz